| 000 | 00436nam a2200169Ia 4500 | ||
|---|---|---|---|
| 003 | LK-CoDNM | ||
| 005 | 20240129120615.0 | ||
| 008 | 010623t1941 xxu||||| |||| 00| 1 Sin d | ||
| 040 |
_aLK-CoDNM _dLK-CoDNM _eLK-CoDNM |
||
| 041 | _aSin | ||
| 080 |
_a104 _bM 30 |
||
| 100 | _aPerera, M.G | ||
| 245 | _aගාන විද්යා තෘතීයභාගය | ||
| 260 |
_bSity _aColombo _c1941 |
||
| 300 | _b104, 21 cm | ||
| 942 | _cBK | ||
| 999 |
_c99782 _d99782 |
||